Famous Landmarks Quiz - Statistics

General Stats
  • This quiz has been taken 61 times
  • The average score is 9 of 10
Answer Stats
Question Answer % Correct
Where is the Colosseum located? Rome, Italy
100%
Which landmark in India was built by Emperor Shah Jahan in memory of his wife? Taj Mahal
98%
What is the name of the clock tower in London? Big Ben
96%
Which landmark in China was built to protect against invasions? Great Wall of China
95%
Which U.S. landmark was a gift from France and stands on Liberty Island? Statue of Liberty
95%
Where can you find the Sydney Opera House? Sydney, Australia
95%
Which landmark in France is known for its iron lattice structure? Eiffel Tower
93%
What is the name of the giant statue in Rio de Janeiro, Brazil? Christ the Redeemer
91%
Which ancient structure in Egypt is one of the Seven Wonders of the Ancient World? Great Pyramid of Giza
78%
What is the name of the ancient city carved into rock in Jordan Petra
69%
No matching quizzes found
Score Distribution
Percent of People with Each Score
Percentile by Number Answered
Your Score History
You have not taken this quiz